00803cam a2200241 i 4500003000900000005001700009007000300026008004100029020001500070020001600085040003000101082001300131100003600144245006400180264007900244300002500323336002700348337003300375338002800408490003200436500006700468504002600535DO-SdBNP20240712105855.0ta240712s2005 ve 000 f spa  a9803761269 a98037621353 aDO-SdBNPbspacBNPHUerda bC9572221 aCruz, Luz Marinad1960-eautora13aEl desmadre imaginativo de Denzil Romero /cLuz Marina Cruz 1aCaracas, Venezuela :bel perro y la rana, bMinisterio de Cultura, c2005. a79 páginasc21 cm. 2rdacontentatextobtxt 2rdamediaasin mediaciónbn 2rdacarrieravolumenbnc aCada día un libroaensayo aIncluye datos biografícos de la autora en la contraportada.  aBibliografía p: 79.